Statistics for 山手線の駅 - 時計回り

Click here to take the quiz!

General Stats

  • This quiz has been taken 53 times
  • The average score is 27 of 30

Answers on the Map

Answers color-coded by a green-red scale on the quiz's map according to % correct below.
 

Answer Stats

% Correct
有楽町
100%
新橋
98%
品川
98%
目黒
95%
渋谷
95%
新宿
95%
大崎
95%
池袋
93%
高輪ゲートウェイ
93%
浜松町
93%
田町
93%
原宿
93%
新大久保
93%
代々木
93%
五反田
91%
恵比寿
91%
目白
88%
巣鴨
88%
東京
88%
秋葉原
86%
高田馬場
86%
神田
84%
上野
84%
西日暮里
84%
田端
84%
大塚
84%
駒込
84%
御徒町
81%
鶯谷
81%
日暮里
81%

Score Distribution

Percentile by Number Answered

Percent of People with Each Score

Your Score History

You have not taken this quiz